Statistics for Top 13 Milwaukee Bucks Players

Click here to take the quiz!

General Stats

  • This quiz has been taken 25 times
  • The average score is 5 of 13

Answer Stats

Position Answer % Correct
PGRobertson
71%
SGAllen
71%
CAbdul-Jabbar
67%
PFAntetokounmpo
62%
SGRedd
43%
SGMoncrief
38%
SFRobinson
38%
SFDandridge
24%
CoachKidd
19%
CLanier
14%
PGCassell
10%
PGHumphries
0%
PFMbah A Moute
0%

Score Distribution

Percentile by Number Answered

Percent of People with Each Score

Your Score History

You have not taken this quiz